000 00632nam a22002297a 4500
003 UA-OsUOA
001 65327
007 ta
008 20091123b un ||||| |||| 00| 0 ukr d
090 _a016:94(477)"1932/1933"
_bГ61
942 _cBK
040 _aUA-OsUOA
_bukr
_cUA-OsUOA
_dUA-OsUOA
245 _aГолодомор 1932 -1933 рр.
300 _a176 с.
955 _a2
041 _aukr
080 _a016:94(477)"1932/1933"
020 _a966-2921-09-5
260 _aУжгород
_c2006
650 7 _a01 Бібліографія і бібліографії. Каталоги
_2UDC
999 _c351450
_d351450